000 00661nam a2200241 i 4500
001 C2-0124030
003 PPAK
005 20180727114649.0
008 970823s1995 io |||| ||||| | may d
020 _a9798640381
040 _aPPAK
_beng
_cPPAK
_erda
082 0 4 _a658.4
_223
090 0 0 _a658.4
_bANA
_dR
245 0 0 _aAnalisis bisnis internasional
250 _aCahyono, Bambang Tri
264 1 _aJakarta, Indonesia :
_bBadan Penerbit IPWI ,
_c1995
300 _a94 pages ;
_c27 cm
336 _2rdacontent
_atext
337 _2rdamedia
_aunmediated
338 _2rdacarrier
_avolume
650 1 0 _aInternational business enterprises
942 _ddc
_cB
999 _c36320
_d36320